2022 FIFA World Cup Knockout Stage. - Statistics

General Stats
  • This quiz has been taken 114 times
  • The average score is 15 of 16
Answer Stats
Answer % Correct
Argentina
99%
Portugal
99%
France
98%
Brazil
97%
Morocco
97%
Netherlands
95%
England
95%
Croatia
94%
Spain
94%
United States
89%
South Korea
88%
Switzerland
84%
Poland
84%
Japan
84%
Senegal
84%
Australia
78%
No matching quizzes found
Score Distribution
Percent of People with Each Score
Percentile by Number Answered
Your Score History
You have not taken this quiz